| 000 | 00975nam a2200277 a 4500 | ||
|---|---|---|---|
| 001 | 000048487 | ||
| 003 | DO-SdBNP | ||
| 005 | 20240503101955.0 | ||
| 007 | ta | ||
| 008 | 240503s1977 dr r 000 spa d | ||
| 040 |
_aDO-SdBNP _bspa _cBNPHU _drda |
||
| 082 |
_a301.32072 _bF673i _222 |
||
| 110 |
_aFondo para el Avance de las Ciencias Sociales _952427 |
||
| 245 | 0 |
_aLa investigación demografica en la República Dominicana : _buna evaluación |
|
| 264 |
_aSanto Domingo : _bASociación para el Desarrollo, _c1977 |
||
| 300 |
_a80 paginas. ; _c28 cm. |
||
| 336 |
_2rdacontent _atexto _btxt |
||
| 337 |
_2rdamedia _asin mediación _bn |
||
| 338 |
_2rdacarrier _avolumen _bnc |
||
| 500 | _aA la cabeza del título: Fondo para el Avance de las Ciencias Sociales | ||
| 590 | _aInventariado, 2024 / DG | ||
| 650 | 4 |
_aDemografía _953754 _xInvestigaciones |
|
| 740 | 0 | _aLey orgánica de las Fuerzas Armadas de la República Dominicana. | |
| 910 | _aDG | ||
| 942 |
_2ddc _cLBS1 |
||
| 999 |
_c56592 _d56592 |
||